000 01400nam a2200361 i 4500
001 768714001
003 CO-MdFUSB
005 20250812154923.0
007 ta
008 010104t19982000-us b 001 | eng a
020 _a0801022010
040 _aDEUSTO.
_bspa
_cCO-MdFUSB
_dCO-MdFUSBC
_erda
041 _aeng
082 _223
_a221.9
_bB651
100 _aBlock, Daniel I.
_eautor
245 1 4 _aThe Gods of the Nations :
_bStudies in Ancient Near Eastern National Theology
_c/ Daniel I. Block
250 _asegunda edición
264 1 _aGrand Rapids, Michigan :
_bBaker Academic,
_c[2000]
264 4 _c©1988, 2000
300 _a176 páginas ;
_c23 cm
336 _2rdacontent
_atexto
_btxt
337 _2rdamedia
_asin mediación
_bn
338 _2rdacarrier
_avolumen
_bnc
490 _aEvangelical Theological Society Studies
505 _aLos orígenes de las relaciones deidad-nación -- La expresión de la relación deidad-nación -- Territorio nacional: un estado divino -- Territorio nacional: una concesión divina -- El fin de las relaciones deidad-nación.
563 _aRústico
630 0 7 _aBiblia.
_pAntiguo Testamento
_xCrítica, interpretación, etc.
653 _aBiblia Antiguo Testamento -- Relación con religiones del Cercano Oriente antiguo.
653 _aDioses -- Cercano Oriente.
942 _cBK
945 _aMag1104
999 _c68709
_d68709